[Event ""]
[Site "Radebeul"]
[Date "2019.04.28"]
[Round "3.1"]
[White "Beilfuss, Wilfried"]
[Black "Schmidt, Bodo"]
[Result "1/2-1/2"]
[BlackElo "2313"]
[BlackTeam "SC Siegburg"]
[EventDate "2019.??.??"]
[PlyCount "37"]
[WhiteElo "2148"]

1. g3 d5 2. Nf3 Bg4 3. Bg2 Nd7 4. c4 e6 5. O-O Ngf6 6. d3 dxc4 7. dxc4 Bc5 8.
Nc3 c6 9. b3 Qe7 10. h3 Bh5 11. Bb2 Rd8 12. Qc1 O-O 13. Na4 Bd6 14. Rd1 Nc5 15.
Nxc5 Bxc5 16. Qf4 Rxd1+ 17. Rxd1 Rd8 18. Rxd8+ Qxd8 19. Qe5  1/2-1/2

[Event "31. DSenEM2018-Gruppe-65"]
[Site "Radebeul"]
[Date "2019.04.28"]
[Round "3.2"]
[White "Goldberg, Valerij"]
[Black "Kiefer, Gerhard"]
[Result "0-1"]
[BlackElo "2279"]
[BlackTeam "SC Emmendingen"]
[EventDate "2019.??.??"]
[PlyCount "164"]
[WhiteElo "2117"]
[WhiteTeam "SV Lok Dresden"]

1. e4 c5 2. Nf3 e6 3. d4 cxd4 4. Nxd4 Nc6 5. Nc3 a6 6. Be2 Qc7 7. O-O Nf6 8. Bg5
Be7 9. Kh1 d6 10. f4 Bd7 11. f5 Nxd4 12. Qxd4 e5 13. Qd2 Bc6 14. Bf3 O-O 15.
Rad1 Rfd8 16. Be3 b5 17. Qf2 Qb7 18. Bg5 b4 19. Bxf6 Bxf6 20. Nd5 Bxd5 21. Rxd5
Rac8 22. Qd2 Qb6 23. Rd1 Rc6 24. g3 h6 25. h4 Be7 26. Re1 Rdc8 27. Bd1 Rc5 28.
Rd3 Rc4 29. Kh2 a5 30. Kh3 Qc6 31. Qe3 Bd8 32. g4 Bb6 33. Qf3 Rd4 34. g5 d5 35.
exd5 Qc4 36. Rxd4 Qxd4 37. Qe4 hxg5 38. hxg5 Qxb2 39. d6 Qc3+ 40. Bf3 Qd2 41.
Rd1 Qxg5 42. d7 Rc3 43. Rd3 Rxd3 44. Qxd3 Qh6+ 45. Kg4 Bd8 46. Bd5 Kf8 47. Kf3
Qh3+ 48. Ke2 Qh2+ 49. Kf1 Ke7 50. Bf3 Bb6 51. Ke1 Qf2+ 52. Kd1 Qg1+ 53. Ke2 Bd4
54. Bc6 Qh2+ 55. Kd1 Qh5+ 56. Ke1 Qh6 57. Qe4 Bc3+ 58. Ke2 Qd2+ 59. Kf3 Qd1+
60. Kg2 f6 61. Kh3 Qf1+ 62. Kg4 Qg1+ 63. Kh3 Qd4 64. Qxd4 Bxd4 65. Kg4 Bb6 66.
Kh5 Kd6 67. Bb5 Kc5 68. Bd3 Kd4 69. Kg6 e4 70. Bb5 Ke5 71. Be2 Bd8 72. Bb5 Kf4
73. Bc4 e3 74. Kxg7 Kxf5 75. Kf7 Ke5 76. Ke8 Bb6 77. d8=Q Bxd8 78. Kxd8 f5 79.
Kc7 f4 80. Be2 Kd4 81. Kb6 Kc3 82. Kxa5 Kd2  0-1

[Event "31. DSenEM2018-Gruppe-65"]
[Site "Radebeul"]
[Date "2019.04.28"]
[Round "3.3"]
[White "Khanukov, Boris"]
[Black "Neumann, Joachim"]
[Result "1-0"]
[BlackElo "2116"]
[BlackTeam "SC Agon Neumünster"]
[EventDate "2019.??.??"]
[PlyCount "119"]
[WhiteElo "2250"]
[WhiteTeam "Bahn-SC Wuppertal"]

1. Nf3 c5 2. c4 g6 3. g3 Bg7 4. Bg2 Nc6 5. O-O e5 6. Nc3 d6 7. d3 Nge7 8. a3 h6
9. Rb1 a5 10. Ne1 Be6 11. Nc2 d5 12. cxd5 Nxd5 13. Ne3 Nde7 14. Ne4 b6 15. Qa4
Rc8 16. b4 axb4 17. axb4 cxb4 18. Nc4 O-O 19. Ned6 Rc7 20. Nb5 Rd7 21. Be3 Nd4
22. Bxd4 exd4 23. Qxb4 Nd5 24. Bxd5 Rxd5 25. Nbd6 Rh5 26. Qxb6 Qg5 27. f3 Qc5
28. Rb5 Qxb6 29. Rxb6 Ra8 30. Rfb1 Rc5 31. Rb8+ Rxb8 32. Rxb8+ Bf8 33. Kf2 Kg7
34. h4 Be7 35. Rb7 Bf8 36. g4 Rc6 37. Nxf7 Bxf7 38. Rxf7+ Kxf7 39. Ne5+ Ke6 40.
Nxc6 Kd5 41. Na5 Bd6 42. Nc4 Bf4 43. h5 gxh5 44. gxh5 Ke6 45. e3 dxe3+ 46. Nxe3
Ke5 47. Ke2 Bg5 48. Ng2 Bc1 49. Kf2 Kf5 50. d4 Kg5 51. Ke2 Kxh5 52. Kd3 Kg6 53.
Ke4 Bg5 54. f4 Bd8 55. f5+ Kg5 56. d5 h5 57. Ke5 Kh6 58. f6 Kh7 59. Ke6 Kg8 60.
d6  1-0

[Event "31. DSenEM2018-Gruppe-65"]
[Site "Radebeul"]
[Date "2019.04.28"]
[Round "3.4"]
[White "Hess, Christian Mathias"]
[Black "Leiber, Bernard"]
[Result "1-0"]
[BlackElo "2110"]
[BlackTeam "SV Osnabrück"]
[EventDate "2019.??.??"]
[PlyCount "209"]
[WhiteElo "2246"]
[WhiteTeam "FC ST.Pauli"]

1. Nf3 Nf6 2. c4 d6 3. d4 g6 4. Nc3 Bg7 5. e4 O-O 6. Be2 Nbd7 7. O-O e5 8. Be3
Re8 9. d5 Ng4 10. Bg5 f6 11. Bd2 Nh6 12. Qc2 Nf7 13. b4 a6 14. Rfd1 Qe7 15.
Rac1 Bh6 16. a4 Bxd2 17. Nxd2 b6 18. Bg4 Nf8 19. Bxc8 Rexc8 20. Qd3 Nd7 21. Nb3
a5 22. bxa5 Nc5 23. Nxc5 bxc5 24. Rb1 Rxa5 25. Rb5 Raa8 26. Rdb1 Qd7 27. Qg3
Kg7 28. h3 Nd8 29. Qg4 Qxg4 30. hxg4 Kf7 31. f3 Kg7 32. Kf2 h6 33. Ke3 Nf7 34.
g3 g5 35. Ra1 Ra7 36. Kd3 Nd8 37. Rab1 Raa8 38. Ra1 Ra7 39. Ra2 Kf8 40. Rb1 Ke7
41. Rab2 Raa8 42. Rh1 Nf7 43. Rb7 Nd8 44. Rb5 Nf7 45. Kc2 Kd7 46. Kb3 Ra7 47.
Ka3 Rca8 48. Rhb1 Kc8 49. Rh1 Kd7 50. Rh2 Kd8 51. Kb3 Kd7 52. Rh1 Ke7 53. Kc2
Kd7 54. Kd3 Kd8 55. Rhb1 Kc8 56. Ke3 Kd7 57. Rb8 Rxb8 58. Rxb8 Nd8 59. Rb1 Nf7
60. Kd3 Kc8 61. Kc2 Ra8 62. Rb2 Kd7 63. Kb3 Nd8 64. Ka3 Kc8 65. Rh2 Nf7 66. Nd1
Rb8 67. Rb2 Ra8 68. Ne3 Kd7 69. Nf5 Ra7 70. Rb5 Ra8 71. Rb1 Ra7 72. Rb5 Ra8 73.
a5 Kc8 74. Ne7+ Kd7 75. Nc6 Nd8 76. Nxd8 Kxd8 77. Ka4 Kd7 78. Rb2 Kc8 79. Rb1
Ra7 80. Rh1 Rb7 81. a6 Rb4+ 82. Ka5 Rb2 83. Rxh6 Ra2+ 84. Kb5 Rb2+ 85. Ka4 Ra2+
86. Kb3 Rxa6 87. Rxf6 Rb6+ 88. Kc3 Ra6 89. Rf8+ Kb7 90. f4 gxf4 91. gxf4 exf4
92. Rxf4 Ra3+ 93. Kd2 Rg3 94. Ke2 Rc3 95. Kf2 Rxc4 96. g5 Ra4 97. g6 Ra8 98. g7
Rg8 99. Rf7 Kb6 100. Ke3 Kb5 101. Rxc7 Kc4 102. Rf7 Kc3 103. e5 dxe5 104. d6 e4
105. d7  1-0

[Event "31. DSenEM2018-Gruppe-65"]
[Site "Radebeul"]
[Date "2019.04.28"]
[Round "3.5"]
[White "Bogorad, Michail"]
[Black "Ackermann, Hans Werner"]
[Result "0-1"]
[BlackElo "2237"]
[BlackTeam "SC Hansa Dortmund"]
[EventDate "2019.??.??"]
[PlyCount "126"]
[WhiteElo "2104"]
[WhiteTeam "Bahn-SC Wuppertal"]

1. e4 d6 2. d4 g6 3. Nc3 a6 4. Bg5 h6 5. Be3 Bg7 6. Qd2 b5 7. Bd3 Bb7 8. f3 Nd7
9. Qf2 Rc8 10. Nd1 e6 11. Ne2 Ngf6 12. O-O c5 13. c3 Qc7 14. g4 e5 15. d5 c4
16. Bc2 Nc5 17. Bxc5 Qxc5 18. Qxc5 Rxc5 19. a4 O-O 20. axb5 axb5 21. Ra7 Rb8
22. Ne3 Bf8 23. Rfa1 Be7 24. Kf1 Bd8 25. R7a2 Bb6 26. Bd1 Rf8 27. Nc2 Nh7 28.
Ng3 Ng5 29. Kg2 Kg7 30. h4 Nh7 31. Nb4 Nf6 32. Bc2 Rcc8 33. Kf1 Nd7 34. Ke2 Nc5
35. Ra3 Bd8 36. Rh1 Ra8 37. Rxa8 Bxa8 38. Nf1 Bb7 39. Nd2 Be7 40. Nb1 Na6 41.
Na2 Rb8 42. Na3 Bc8 43. Nb4 Nxb4 44. cxb4 Bd7 45. Nb1 Ra8 46. Nc3 Bd8 47. Kd2
Bb6 48. h5 Bd4 49. hxg6 fxg6 50. Rb1 Kf6 51. Bd1 Kg5 52. Be2 h5 53. gxh5 gxh5
54. Rh1 h4 55. Bf1 Ra1 56. Nd1 Ra4 57. Nc3 Rxb4 58. Kc2 Rb3 59. Bh3 Be8 60. Bg4
b4 61. Nd1 Ba4 62. Kc1 Rd3 63. b3 Rxb3  0-1

[Event "31. DSenEM2018-Gruppe-65"]
[Site "Radebeul"]
[Date "2019.04.28"]
[Round "3.6"]
[White "Juhnke, Juergen"]
[Black "Siegmund, Rainer"]
[Result "1-0"]
[BlackElo "2093"]
[BlackTeam "SV Dresden-Striesen"]
[EventDate "2019.??.??"]
[PlyCount "57"]
[WhiteElo "2230"]
[WhiteTeam "HSK Lister Turm"]

1. e4 c5 2. c4 Nc6 3. Ne2 e5 4. Nbc3 d6 5. d3 g6 6. g3 Bg7 7. Bg2 Nge7 8. O-O
O-O 9. Nd5 Nxd5 10. cxd5 Nd4 11. Nxd4 cxd4 12. f4 f5 13. Qb3 fxe4 14. dxe4 Kh8
15. Bd2 b6 16. fxe5 Rxf1+ 17. Rxf1 dxe5 18. Rf7 a5 19. Bf1 Bd7 20. Bb5 Bxb5 21.
Qxb5 Qc8 22. Qc6 Qa6 23. d6 Rf8 24. Rxf8+ Bxf8 25. Qe8 Kg7 26. Bh6+ Kxh6 27.
Qxf8+ Kh5 28. d7 Qe2 29. d8=Q  1-0

[Event "31. DSenEM2018-Gruppe-65"]
[Site "Radebeul"]
[Date "2019.04.28"]
[Round "3.7"]
[White "Hülsmann, Josef"]
[Black "Müller, Lutz"]
[Result "1-0"]
[BlackElo "1985"]
[BlackTeam "SC Bad Königshofen"]
[EventDate "2019.??.??"]
[PlyCount "85"]
[WhiteElo "2215"]
[WhiteTeam "Langenfelder SF"]

1. d4 g6 2. e4 Bg7 3. c3 d6 4. Bc4 Nc6 5. Bg5 Nf6 6. Nd2 O-O 7. Ne2 e5 8. f3 h6
9. Bh4 Ne7 10. dxe5 dxe5 11. Qc2 Qe8 12. a4 a5 13. Bf2 Nh5 14. O-O Kh8 15. Bc5
b6 16. Bb5 Bd7 17. Ba3 Nf4 18. Nxf4 exf4 19. Bxd7 Qxd7 20. Rfd1 Rfd8 21. Qb3
Qe8 22. Nc4 Nc6 23. Qb5 Qe6 24. h3 Bf6 25. Rd5 Na7 26. Rxd8+ Rxd8 27. Qa6 Bh4
28. b3 Nc6 29. Qb5 Kh7 30. Nb2 Ne5 31. Rd1 Nxf3+ 32. gxf3 Qxh3 33. Qf1 Rxd1 34.
Nxd1 Qd7 35. Bc1 Bg3 36. Nf2 Qe7 37. Nd3 Qf6 38. Bd2 g5 39. Qe2 Qe6 40. c4 f6
41. Nf2 Qd7 42. Bc3 Qc6 43. Ng4  1-0

[Event "31. DSenEM2018-Gruppe-65"]
[Site "Radebeul"]
[Date "2019.04.28"]
[Round "3.8"]
[White "Dekan, Hans"]
[Black "Rahls, Peter"]
[Result "0-1"]
[BlackElo "2193"]
[BlackTeam "SK Zehlendorf"]
[EventDate "2019.??.??"]
[PlyCount "116"]
[WhiteElo "2102"]
[WhiteTeam "SC Eppingen"]

1. e4 c5 2. Nf3 e6 3. d4 cxd4 4. Nxd4 a6 5. Nc3 d6 6. Bc4 Nf6 7. O-O Be7 8. Be3
O-O 9. f4 b5 10. Bd3 Qc7 11. a3 Bb7 12. Qe2 Nbd7 13. Nb3 Nc5 14. Nd2 d5 15. e5
Nfe4 16. Bxe4 Nxe4 17. Ncxe4 dxe4 18. c3 f5 19. g4 Rad8 20. gxf5 exf5 21. Bd4
Bd5 22. Qe3 Rc8 23. Rf2 Qc6 24. Rg2 g6 25. Kh1 Bc5 26. Bxc5 Qxc5 27. Re1 Qxe3
28. Rxe3 Rfd8 29. Kg1 Bc4 30. Nxc4 bxc4 31. h4 Rd1+ 32. Kh2 Rcd8 33. h5 Kf7 34.
hxg6+ hxg6 35. Rh3 Kg7 36. Rhg3 Rh8+ 37. Rh3 Rxh3+ 38. Kxh3 Rf1 39. Rd2 Rxf4
40. Rd7+ Kf8 41. Kg3 g5 42. Rd4 Rf3+ 43. Kg2 Rd3 44. Rxc4 Rd2+ 45. Kg3 Rxb2 46.
Rc6 Ke7 47. Rg6 Rb3 48. Rxg5 Rxc3+ 49. Kf2 Ke6 50. Rg6+ Kxe5 51. Rxa6 Rc2+ 52.
Ke1 f4 53. Ra8 f3 54. a4 Kd4 55. a5 f2+ 56. Kf1 Ke3 57. Rf8 Rc1+ 58. Kg2 Rg1+ 
0-1

[Event "31. DSenEM2018-Gruppe-65"]
[Site "Radebeul"]
[Date "2019.04.28"]
[Round "3.9"]
[White "Baum, Bernd"]
[Black "Gerl, Hans"]
[Result "1-0"]
[BlackElo "1975"]
[BlackTeam "SGem Fürth"]
[EventDate "2019.??.??"]
[PlyCount "122"]
[WhiteElo "2183"]
[WhiteTeam "SC Fulda"]

1. c4 c5 2. g3 Nf6 3. Bg2 g6 4. Nc3 Bg7 5. d3 a6 6. e4 d6 7. Nge2 Nc6 8. h3 O-O
9. O-O Rb8 10. a4 Bd7 11. Be3 Qc8 12. Kh2 b6 13. Rb1 Nb4 14. Qd2 Bc6 15. d4
cxd4 16. Nxd4 Bd7 17. Rbc1 Nc6 18. Nd5 Re8 19. b3 Nxd4 20. Bxd4 Nxd5 21. exd5
Bxd4 22. Qxd4 Qc5 23. Qd2 a5 24. Rfe1 Qb4 25. Rc3 h5 26. Qc1 Bf5 27. Rce3 Rb7
28. Qb2 Rc7 29. Qd4 Bc2 30. Bf1 Bf5 31. Qf4 e5 32. dxe6 Rxe6 33. Rxe6 fxe6 34.
Rd1 e5 35. Qg5 Qc5 36. Kg1 Rf7 37. Qd8+ Kh7 38. Qxd6 Qc8 39. Qxe5 Bc2 40. Rd6
Qf8 41. Qd4 Rxf2 42. Qxf2 Qxd6 43. Qxc2 Qxg3+ 44. Kh1 Qe3 45. Qd3 Qf2 46. Be2
Kh6 47. Qf3 Qxf3+ 48. Bxf3 Kg5 49. Bd5 Kf6 50. Kg2 Ke5 51. Bf7 Kf6 52. Be8 h4
53. Kf3 g5 54. Kg4 Ke7 55. Bg6 Kf6 56. Bc2 Ke5 57. Kxg5 Kd4 58. Bf5 Ke5 59. Bd7
Kd6 60. Bb5 Kc5 61. Kxh4 Kb4  1-0

[Event "31. DSenEM2018-Gruppe-65"]
[Site "Radebeul"]
[Date "2019.04.28"]
[Round "3.10"]
[White "Zunker, Reinhard"]
[Black "Rosen, Willy"]
[Result "0-1"]
[BlackElo "2178"]
[BlackTeam "SF Essen-Katernberg"]
[EventDate "2019.??.??"]
[PlyCount "108"]
[WhiteElo "2046"]
[WhiteTeam "SV Hofheim"]

1. Nf3 c5 2. c4 Nc6 3. Nc3 g6 4. g3 Bg7 5. Bg2 d6 6. d3 e5 7. e4 Nge7 8. Nd5
Nxd5 9. cxd5 Ne7 10. h4 h5 11. Be3 Ng8 12. O-O Bh6 13. Bg5 f6 14. Bxh6 Nxh6 15.
b4 b6 16. Nd2 O-O 17. bxc5 dxc5 18. Nc4 Ba6 19. Qd2 Kg7 20. Bh3 Bxc4 21. dxc4
Nf7 22. Qe2 Nd6 23. f4 Qe8 24. Rae1 Qa4 25. Rc1 b5 26. Bd7 Qa3 27. Qe1 bxc4 28.
Rc3 Qa5 29. Qe3 Rab8 30. Ra3 Qc7 31. Bc6 Qb6 32. Re1 a5 33. fxe5 fxe5 34. Qc3
Qb2 35. Qe3 Qd4 36. Rxa5 Rb1 37. Ra7+ Kg8 38. Kg2 Rb2+ 39. Kg1 c3 40. Rd7 Rb1
41. Kg2 Rxe1 42. Qxe1 Qd2+ 43. Qxd2 cxd2 44. Ba4 Nxe4 45. Re7 Rd8 46. Rxe5 Nc3
47. Bc2 Nxd5 48. Kf3 c4 49. a4 Nb4 50. Bd1 c3 51. Bb3+ Kf8 52. Ke2 d1=Q+ 53.
Bxd1 Rd2+ 54. Ke1 Nd3+  0-1

[Event "31. DSenEM2018-Gruppe-65"]
[Site "Radebeul"]
[Date "2019.04.28"]
[Round "3.11"]
[White "Schmidt, Gerhard"]
[Black "Waltenberger, Udo"]
[Result "1/2-1/2"]
[BlackElo "1944"]
[BlackTeam "SV Eiche Reichenbrand"]
[EventDate "2019.??.??"]
[PlyCount "38"]
[WhiteElo "2172"]
[WhiteTeam "SC Unterhaching"]

1. d4 Nf6 2. Nf3 g6 3. c4 Bg7 4. Nc3 d5 5. e3 O-O 6. Be2 c5 7. O-O cxd4 8. exd4
Nc6 9. h3 b6 10. Ne5 Bb7 11. Bf3 Na5 12. c5 Nc6 13. Nxc6 Bxc6 14. b4 Ne4 15.
Qd3 bxc5 16. bxc5 e5 17. Nxe4 dxe4 18. Bxe4 Bxe4 19. Qxe4 Qxd4  1/2-1/2

[Event "31. DSenEM2018-Gruppe-65"]
[Site "Radebeul"]
[Date "2019.04.28"]
[Round "3.12"]
[White "Rotstein, Jefim"]
[Black "Bodach, Hans"]
[Result "1-0"]
[BlackElo "2078"]
[BlackTeam "SV Dresden-Leuben"]
[EventDate "2019.??.??"]
[PlyCount "61"]
[WhiteElo "2326"]
[WhiteTeam "SC Tornado Hochneukirch"]

1. Nf3 Nf6 2. d4 e6 3. g3 b6 4. Bg2 Bb7 5. O-O Be7 6. c4 O-O 7. Nc3 d5 8. cxd5
Nxd5 9. Qc2 Nxc3 10. bxc3 Nd7 11. e4 c5 12. Rd1 cxd4 13. cxd4 Rc8 14. Qe2 Qc7
15. Bf4 Qc2 16. Qxc2 Rxc2 17. d5 exd5 18. Nd4 Rc4 19. Nf5 Bf6 20. Rab1 Ba8 21.
exd5 Rc2 22. a3 g6 23. Nd4 Rc4 24. Nc6 Bxc6 25. dxc6 Ne5 26. Rd6 Bg7 27. Rbd1
Re8 28. Kf1 h6 29. R1d5 Rc5 30. Rxc5 bxc5 31. Bxe5  1-0

[Event "31. DSenEM2018-Gruppe-65"]
[Site "Radebeul"]
[Date "2019.04.28"]
[Round "3.13"]
[White "Werner, Clemens"]
[Black "Schulz, Wolfgang"]
[Result "0-1"]
[BlackElo "2048"]
[BlackTeam "Hamburger SK"]
[EventDate "2019.??.??"]
[PlyCount "78"]
[WhiteElo "2292"]
[WhiteTeam "SK Ettlingen"]

1. e4 e5 2. Bc4 Nf6 3. d3 Nc6 4. Nf3 h6 5. O-O d6 6. c3 g6 7. d4 Qe7 8. Re1 Bg7
9. Nbd2 O-O 10. h3 a6 11. Bb3 Na5 12. Bc2 c5 13. Nf1 Nc6 14. Be3 Nh5 15. Qd2
cxd4 16. cxd4 Qf6 17. d5 Ne7 18. Bxh6 Nf4 19. Bg5 Nxh3+ 20. gxh3 Qxf3 21. Nh2
Qxh3 22. Bxe7 Bh6 23. Qd3 Qd7 24. Bxf8 Kxf8 25. Kg2 Bf4 26. Rh1 Kg7 27. Bd1 Qe7
28. Nf1 Bd7 29. Ng3 Rc8 30. Bf3 Bb5 31. Qd1 Qg5 32. a4 Bd7 33. Qd3 b5 34. axb5
Bxb5 35. Qd1 Rc4 36. Be2 Rd4 37. Qf1 Rd2 38. Kh3 Bxg3 39. Bxb5 Rxf2  0-1

[Event "31. DSenEM2018-Gruppe-65"]
[Site "Radebeul"]
[Date "2019.04.28"]
[Round "3.14"]
[White "Hanisch, Friedrich"]
[Black "Postler, Reinhard"]
[Result "1/2-1/2"]
[BlackElo "2247"]
[BlackTeam "TSG Oberschöneweide"]
[EventDate "2019.??.??"]
[PlyCount "37"]
[WhiteElo "2095"]
[WhiteTeam "SV Altensittenbach"]

1. d4 Nf6 2. c4 c6 3. Nc3 d5 4. cxd5 cxd5 5. Bf4 Nc6 6. e3 e6 7. Bd3 Bd6 8. Bxd6
Qxd6 9. Nf3 O-O 10. O-O Bd7 11. Rc1 Rac8 12. a3 e5 13. dxe5 Nxe5 14. Nxe5 Qxe5
15. Be2 Bf5 16. Bf3 Be4 17. Bxe4 dxe4 18. Qe2 h6 19. Rfd1  1/2-1/2

[Event "31. DSenEM2018-Gruppe-65"]
[Site "Radebeul"]
[Date "2019.04.28"]
[Round "3.15"]
[White "Eskandary, Jahya"]
[Black "Dresen, Ulrich"]
[Result "0-1"]
[BlackElo "2228"]
[BlackTeam "SF Gerresheim"]
[EventDate "2019.??.??"]
[PlyCount "74"]
[WhiteElo "2062"]
[WhiteTeam "SV Lok Dresden"]

1. e4 e5 2. Nc3 Nf6 3. Bc4 Nxe4 4. Qh5 Nd6 5. Bb3 Be7 6. Nf3 Nc6 7. Nxe5 g6 8.
Nxc6 dxc6 9. Qd1 Nf5 10. O-O O-O 11. a3 Nd4 12. Ba2 Bd6 13. d3 Qh4 14. f4 Bg4
15. Qd2 Bc5 16. Kh1 Rae8 17. Ne4 Bb6 18. Qf2 Qxf2 19. Rxf2 Kg7 20. h3 Bf5 21.
c3 Bxe4 22. dxe4 Nf5 23. Rf3 Rxe4 24. Bd2 Re2 25. Rd3 Nd6 26. Re1 Rfe8 27. Rxe2
Rxe2 28. c4 Ne4 29. Bc3+ Nxc3 30. Rxc3 Rxb2 31. Bb3 Bd4 32. Rd3 c5 33. Kh2 h5
34. Kg3 a6 35. a4 c6 36. Kf3 h4 37. g4 f5  0-1

[Event "31. DSenEM2018-Gruppe-65"]
[Site "Radebeul"]
[Date "2019.04.28"]
[Round "3.16"]
[White "Herbrechtsmeier, Christof"]
[Black "Vasiljev, Jurij"]
[Result "1-0"]
[BlackElo "2042"]
[BlackTeam "SF Moers"]
[EventDate "2019.??.??"]
[PlyCount "69"]
[WhiteElo "2204"]
[WhiteTeam "SC Emmendingen"]

1. e4 c5 2. Nf3 d6 3. d4 cxd4 4. Nxd4 Nf6 5. Nc3 a6 6. Bg5 e6 7. f4 Be7 8. Qf3
Qc7 9. O-O-O Nc6 10. Be2 Bd7 11. Rhe1 b5 12. Bxf6 gxf6 13. a3 Rc8 14. Nxc6 Bxc6
15. Bd3 f5 16. Qe2 fxe4 17. Bxe4 d5 18. Bxd5 Bxd5 19. Rxd5 Qxf4+ 20. Kb1 b4 21.
Nd1 bxa3 22. Re5 axb2 23. Nxb2 Rc6 24. Qh5 Qf2 25. Rxe6 Qxc2+ 26. Ka2 Rxe6 27.
Rxe6 Qc8 28. Re3 Qc7 29. Qg5 Rf8 30. Qf6 Qb7 31. Nc4 Kd8 32. Rd3+ Kc8 33. Qf5+
Kb8 34. Rb3 Bb4 35. Na5  1-0

[Event "31. DSenEM2018-Gruppe-65"]
[Site "Radebeul"]
[Date "2019.04.28"]
[Round "3.17"]
[White "Lomer, Edmund"]
[Black "Schumacher, Gottfried"]
[Result "0-1"]
[BlackElo "2202"]
[BlackTeam "HTC Bad Neuenahr"]
[EventDate "2019.??.??"]
[PlyCount "178"]
[WhiteElo "2053"]
[WhiteTeam "Eckernförder SC"]

1. Nf3 e6 2. g3 b6 3. Bg2 Bb7 4. d4 c5 5. O-O cxd4 6. Qxd4 Nc6 7. Qd3 Nb4 8. Qd1
Nf6 9. c3 Nbd5 10. Nbd2 Qc7 11. e4 Ne7 12. Re1 Ng6 13. Qe2 Bc5 14. b4 Be7 15.
e5 Nd5 16. Ne4 Nxc3 17. Nxc3 Qxc3 18. Bd2 Qa3 19. h4 Bxb4 20. Bxb4 Qxb4 21.
Red1 Rc8 22. h5 Ne7 23. Qd3 Bd5 24. h6 gxh6 25. Nd4 Qc4 26. Qa3 Qc5 27. Qe3
Bxg2 28. Kxg2 Qd5+ 29. Kg1 Rg8 30. a4 Rc5 31. Nb3 Qxe5 32. Nxc5 Qxe3 33. fxe3
bxc5 34. Rab1 Nc6 35. Kf2 Rg4 36. Rb7 Ne5 37. Rxa7 Rb4 38. Rd2 c4 39. Ke2 Rb3
40. a5 Ra3 41. a6 Ke7 42. Ra8 d5 43. a7 Kf6 44. Rb2 Kf5 45. Rb7 Ke4 46. Rab8
Ra2+ 47. Kd1 Ra1+ 48. Kc2 Kxe3 49. a8=Q Rxa8 50. Rxa8 d4 51. Ra5 Ke4 52. Rb1
Ng4 53. Ra4 Ne3+ 54. Kd2 c3+ 55. Ke2 e5 56. Rc1 Nd5 57. Rh1 f5 58. Re1 f4 59.
Kd1+ Ne3+ 60. Ke2 fxg3 61. Rg1 g2 62. Kf2 Kd3 63. Ra2 e4 64. Re2 Ng4+ 65. Ke1
Ne3 66. Rxe3+ Kxe3 67. Rxg2 d3 68. Kd1 c2+ 69. Kc1 Kf3 70. Rh2 e3 71. Rh3+ Kf2
72. Rh5 e2 73. Rf5+ Ke1 74. Rd5 Kf2 75. Rf5+ Ke3 76. Re5+ Kd4 77. Re7 h5 78.
Kd2 h4 79. Rd7+ Ke4 80. Re7+ Kf4 81. Rf7+ Kg5 82. Rg7+ Kf5 83. Rg1 Ke4 84. Rh1
h3 85. Kc1 h2 86. Kd2 h5 87. Re1 h4 88. Rh1 Kf3 89. Kxd3 Kg2  0-1

[Event "31. DSenEM2018-Gruppe-65"]
[Site "Radebeul"]
[Date "2019.04.28"]
[Round "3.18"]
[White "Hassenrück, Helmut"]
[Black "Walther, Reinhard"]
[Result "1-0"]
[BlackElo "2042"]
[BlackTeam "SK Herzogenaurach"]
[EventDate "2019.??.??"]
[PlyCount "59"]
[WhiteElo "2199"]
[WhiteTeam "SG-Gladbeck"]

1. d4 c5 2. d5 g6 3. e4 Bg7 4. Nf3 d6 5. Bb5+ Nd7 6. a4 Nf6 7. Nc3 O-O 8. O-O
Nh5 9. Re1 Ne5 10. Nxe5 Bxe5 11. Bh6 Ng7 12. f4 Bd4+ 13. Kh1 e6 14. Qf3 a6 15.
Bc4 Qc7 16. Rad1 Re8 17. e5 Nf5 18. Bg5 dxe5 19. Ne4 exf4 20. c3 Be5 21. d6 Qc6
22. Bf6 Bxd6 23. Nxd6 Qxf3 24. gxf3 Nxd6 25. Rxd6 e5 26. Rxe5 Bh3 27. Rxe8+
Rxe8 28. Rd8 Kf8 29. Rxe8+ Kxe8 30. Bg5  1-0

[Event "31. DSenEM2018-Gruppe-65"]
[Site "Radebeul"]
[Date "2019.04.28"]
[Round "3.19"]
[White "Paus, Franz"]
[Black "Kierzek, Matthias"]
[Result "1/2-1/2"]
[Annotator "lenovo"]
[BlackElo "2196"]
[BlackTeam "SC Fulda"]
[EventDate "2019.??.??"]
[PlyCount "38"]
[WhiteElo "2041"]
[WhiteTeam "Schachfüchse Kempen"]

1. d4 d5 2. c4 Nc6 3. Nf3 Bg4 4. e3 e6 5. Nc3 Nf6 6. h3 Bh5 7. cxd5 Bxf3 8. Qxf3
exd5 9. Bb5 Be7 10. O-O O-O 11. a3 Qd6 12. Bd3 a6 13. b4 b5 14. Bb2 Rab8 15.
Rfc1 Rfd8 16. Rc2 Rb6 17. Rac1 Rdb8 18. Qe2 Bd8 19. Qf3 Be7 { ( = )}   1/2-1/2

[Event "31. DSenEM2018-Gruppe-65"]
[Site "Radebeul"]
[Date "2019.04.28"]
[Round "3.20"]
[White "Prüfer, Friedbert"]
[Black "Haase, Wolfgang"]
[Result "1-0"]
[BlackElo "2013"]
[BlackTeam "SVG Caissa Kassel"]
[EventDate "2019.??.??"]
[PlyCount "105"]
[WhiteElo "2196"]
[WhiteTeam "TSG Taucha"]

1. d4 e6 2. c4 d5 3. Nc3 Nf6 4. cxd5 exd5 5. Bg5 Be7 6. e3 O-O 7. Qc2 Nbd7 8.
Bd3 Re8 9. Nge2 Nf8 10. O-O c6 11. f3 Nh5 12. Bxe7 Qxe7 13. e4 Be6 14. e5 g6
15. Kh1 Ng7 16. Ng3 h5 17. Qf2 h4 18. Nge2 Bf5 19. Bxf5 Nxf5 20. g4 hxg3 21.
hxg3 Ne6 22. g4 Qh4+ 23. Qxh4 Nxh4 24. f4 f6 25. Kh2 fxe5 26. dxe5 Ng7 27. Ng1
g5 28. Nh3 gxf4 29. Nxf4 Ne6 30. Nh5 Re7 31. Nf6+ Kg7 32. Kg3 Ng6 33. Rae1 Rf8
34. Nh5+ Kh6 35. Rf6 Ng7 36. Ref1 Ree8 37. Rh1 Nxh5+ 38. gxh5 Rxf6 39. hxg6+
Kxg6 40. exf6 Kxf6 41. Kf4 Re7 42. Rh6+ Kg7 43. Rd6 Rf7+ 44. Ke5 Re7+ 45. Re6
Rd7 46. Na4 Kf8 47. Nc5 Rd8 48. Rd6 Re8+ 49. Kf6 Kg8 50. Ne6 Rb8 51. Rd7 a5 52.
Rg7+ Kh8 53. Ng5  1-0

[Event "31. DSenEM2018-Gruppe-65"]
[Site "Radebeul"]
[Date "2019.04.28"]
[Round "3.21"]
[White "Sand, Rolf"]
[Black "Braun, Gottfried"]
[Result "1/2-1/2"]
[BlackElo "2181"]
[BlackTeam "SG Leipzig"]
[EventDate "2019.??.??"]
[PlyCount "59"]
[WhiteElo "2024"]
[WhiteTeam "SF Pfullingen"]

1. d4 d6 2. c4 e5 3. Nc3 Nc6 4. Nf3 Nf6 5. d5 Ne7 6. e4 Ng6 7. Be2 Be7 8. O-O
O-O 9. Ne1 Ne8 10. Nd3 Bg5 11. Bg4 Bxc1 12. Rxc1 Qg5 13. Bxc8 Rxc8 14. g3 Nf6
15. Kh1 Ng4 16. Qe2 f5 17. exf5 Qxf5 18. f3 Nf6 19. Ne4 Rce8 20. Rce1 Qh5 21.
Qe3 Nxe4 22. fxe4 a6 23. Rf2 Rxf2 24. Nxf2 Rf8 25. Qe2 Qg5 26. Nh3 Qh6 27. Kg2
Rf6 28. Qe3 Qh5 29. Qe2 Qh6 30. Qe3  1/2-1/2

[Event "31. DSenEM2018-Gruppe-65"]
[Site "Radebeul"]
[Date "2019.04.28"]
[Round "3.22"]
[White "Szenetra, Werner"]
[Black "Seidel, Arnold"]
[Result "1-0"]
[BlackElo "2018"]
[BlackTeam "Kali Wolmirstedt"]
[EventDate "2019.??.??"]
[PlyCount "31"]
[WhiteElo "2177"]
[WhiteTeam "SV Berenbostel"]

1. Nf3 b6 2. g3 Bb7 3. Bg2 e5 4. d3 f5 5. O-O d6 6. c3 Nf6 7. Qb3 Bd5 8. c4 Bc6
9. Nc3 a5 10. Nd5 Qd7 11. Ng5 h6 12. Ne6 Na6 13. Nexc7+ Nxc7 14. Nxb6 Rb8 15.
Nxd7 Rxb3 16. Nxf6+  1-0

[Event "31. DSenEM2018-Gruppe-65"]
[Site "Radebeul"]
[Date "2019.04.28"]
[Round "3.23"]
[White "Staub, Gerhard"]
[Black "Kannenberg, Karl-Heinz"]
[Result "0-1"]
[BlackElo "2169"]
[BlackTeam "SC Kitzingen"]
[EventDate "2019.??.??"]
[PlyCount "124"]
[WhiteElo "2010"]
[WhiteTeam "SV Schwaikheim"]

1. e4 c6 2. d4 d5 3. exd5 cxd5 4. Bd3 Nc6 5. c3 Qc7 6. h3 Nf6 7. Nf3 g6 8. O-O
Bf5 9. Re1 Bxd3 10. Qxd3 Bg7 11. Bg5 Ne4 12. Bh4 O-O 13. Nbd2 f5 14. Ne5 Nxe5
15. dxe5 e6 16. f3 Nxd2 17. Qxd2 Rac8 18. f4 b6 19. Rac1 Rf7 20. Bf2 Bf8 21.
Bd4 Qc4 22. a3 Qb3 23. Red1 Rfc7 24. Kh1 Bc5 25. Qc2 Qc4 26. Qd3 Bxd4 27. Qxd4
Qb3 28. Qb4 Qxb4 29. axb4 Rc4 30. g3 R8c7 31. Ra1 Kf7 32. Ra6 Rd7 33. Rda1 Rcc7
34. Kg2 Ke7 35. Kf3 Kd8 36. Rd1 Rc4 37. Rda1 Rcc7 38. Rd1 Kc8 39. Ke3 Rc4 40.
Rd4 Kb7 41. Ra1 Rxd4 42. Kxd4 Rc7 43. g4 Rc4+ 44. Ke3 d4+ 45. Kd3 b5 46. gxf5
dxc3 47. bxc3 gxf5 48. Rg1 Rxf4 49. Rg7+ Kc6 50. Rxh7 Kd5 51. Rxa7 Rf3+ 52. Kd2
Rxh3 53. Rb7 Kxe5 54. Rxb5+ Ke4 55. Rb8 Rh2+ 56. Ke1 Ke3 57. Kf1 e5 58. c4 f4
59. Ra8 Rb2 60. Ra1 Rxb4 61. Re1+ Kd4 62. Kf2 Rxc4  0-1